00766 2200265 4500001002100000005001700021008004100038035002400079082000800103090001500111100002200126245003900148250001100187260013000198300001800328500002900346650003200375850001200407980001500419985000600434999001500440999001500455999001500470999001500485YOGYA-0209000005015620090227032436.0 ind  0010-020900000050156 a811 a811bPuj S aPUJIASTUTI, Titik aSyair putri akalcTitik Pujiastuti aCet. 1 aJakartabProyek Pengkajian dan Pengembangan Nilai-nilai Budaya Pusat Direktorat Sejarah dan Nilai Tradisional Depdikbudc1995 a96 hlmc21 cm abibliografi : hlm. 95-96 aPuisi Indonesia - Apresiasi aYOPDYOG a25-11-2007 a4 a98A0029845 a98A0029846 a98A0029853 a98A0029854